Diseño de 3.0 km de estructura de pavimento flexible tempisquiapa-hacienda Iván Baca municipio de El Viejo, Chinandega
El presente estudio contiene información y los criterios necesarios para el diseño de la estructura de pavimento flexible del tramo Tempisquiapa-Hacienda Iván Baca aplicando el método AASHTO versión 1986. El beneficio de un mejoramiento del tramo de carretera entre el centro de acopio Tempisqui...
| Main Author: | |
|---|---|
| Other Authors: | |
| Format: | Tesis Section = Libro |
| Language: | Undetermined Spanish |
| Published: |
Managua
UNI
2009
|
| Subjects: |
| LEADER | 01133nam a2200241Ia 4500 | ||
|---|---|---|---|
| 008 | 240830s9999 xx 000 0 und d | ||
| 040 | |a BIBLIOTECA-RUPAP T.Mon 625.85 D259 | ||
| 041 | |a spa | ||
| 082 | |a T.Mon 625.85 D259 | ||
| 100 | 1 | |a Dávila Téllez, Freddy Antonio | |
| 245 | 1 | 0 | |a Diseño de 3.0 km de estructura de pavimento flexible tempisquiapa-hacienda Iván Baca municipio de El Viejo, Chinandega |
| 260 | |a Managua |b UNI |c 2009 | ||
| 300 | |a 55 p. :il. | ||
| 500 | |a Contiene: anexos. | ||
| 502 | |a Tesis (Ingeniero Civil)- UNI, 2009. | ||
| 520 | 3 | |a El presente estudio contiene información y los criterios necesarios para el diseño de la estructura de pavimento flexible del tramo Tempisquiapa-Hacienda Iván Baca aplicando el método AASHTO versión 1986. El beneficio de un mejoramiento del tramo de carretera entre el centro de acopio Tempisquiapa y la Hacienda Iván Baca favoreciendo a la población. | |
| 650 | 7 | |a PAVIMENTOS | |
| 650 | 7 | |b PAVIMENTOS FLEXIBLES | |
| 650 | 7 | |c PAVIMENTOS-DISEÑO Y CONSTRUCCION | |
| 700 | 1 | |a Tutor: |b Morales Urbina, Israel | |
| 942 | |c BK |2 ddc | ||
| 991 | |a TESIS | ||
| 999 | |c 18314 | ||